Walk the coast of the Mediterranean - Colour in the Map - Statistics

General Stats
  • This quiz has been taken 144 times
    118 since last reset
  • The average score is 20 of 25
Answers on the Map
Answers color-coded by a green-red scale on the quiz's map according to % correct below.
 
Answer Stats
Country % Correct
France
100%
Spain
100%
Monaco
95%
Italy
92%
Slovenia
91%
Croatia
90%
Bosnia and Herzegovina
88%
Albania
85%
France
85%
Greece
85%
Montenegro
84%
Syria
82%
Turkey
82%
Croatia
80%
Israel
80%
Lebanon
80%
Egypt
79%
Libya
79%
Tunisia
78%
Algeria
76%
Morocco
75%
Ceuta
62%
Melilla
62%
Morocco
62%
Morocco
62%
No matching quizzes found
Score Distribution
Percent of People with Each Score
Percentile by Number Answered
Your Score History
You have not taken this quiz since the last reset